000 00850nab a2200277 4500
003 BR-BrBNA
005 20250730102008.0
008 250730b bl.||||| |||| 00| 0 por d
040 _aBR-BrBNA
_bpor
072 _aJ10 ; E13 ; E71
100 _aAraújo, Rute
245 _aPortos congestionados
_bAgroeconomia
500 _a2 illus.
650 _aTRANSPORTE MARÍTIMO
650 _aLOGÍSTICA
650 _aPORTO MARÍTIMO
650 _aEMBARQUE
650 _aDESEMBARQUE
650 _aCUSTO OPERACIONAL
650 _aPREJUÍZO
650 _aEXPORTAÇÃO
650 _aINVESTIMENTO
773 0 _01706
_9347985
_dSão Paulo-SP Editora Três Ltda - E-mail: luizfsa@revistadinheiro.com.br 2004
_o2025-0482
_tDinheiro Rural (Brazil)
_x1807-3700
_gv. 7(78) p. 28-30; (Apr 2011)
_wBR2025001934
942 _cANA
999 _c337373
_d337373